Culture Générale - Série 1945 - Statistiques

Statistiques générales
  • Ce quiz a été pris 145 fois
  • Le résultat moyen est 4 sur 10
Statistiques - réponses
Question Réponse % Correct
De quel pays est originaire le "pesto" (préparation culinaire) ? Italie
98%
Dans la religion chétienne, comment appelle-t-on la période qui couvre quelques semaines précédant Noël ? Avent
81%
C'est un département français et un habit de communiant aube
70%
Arrive ce qui pourra ! ou Vogue la .... galère
57%
Vue du ciel, à quoi ressemble l'île de la Guadeloupe ? papillon
54%
Dans quel pays européen se trouve la ville d'Esch-sur-Alzette ? Luxembourg
41%
Le lucane est le plus grand coléoptère d'Europe appelé également ...... voir photo cerf-volant
13%
C' est un personnage de la commedia dell'arte qui désigne un vantard, fanfaron, faux brave matamore
12%
Quel verbe du 1er groupe, de 10 lettres, commençant par "t" signifie "importuner, houspiller, tourmenter, tracasser" ? tarabuster
11%
Première partie du gros intestin, fermée à sa base et communiquant avec d'autres parties de l'intestin- synonymes :côlon, iléon caecum
5%
Aucun quiz correspondant
Distribution des résultats
% des personnes avec chaque résultat
Percentile par nombre de réponses
Votre historique - résultats
Vous n’avez pas pris ce quiz